<?xml version="1.0" encoding="UTF-8"?>
<record
    xmlns:xsi="http://www.w3.org/2001/XMLSchema-instance"
    xsi:schemaLocation="http://www.loc.gov/MARC21/slim http://www.loc.gov/standards/marcxml/schema/MARC21slim.xsd"
    xmlns="http://www.loc.gov/MARC21/slim">

  <leader>00850nam a22002417a 4500</leader>
  <controlfield tag="005">20250805123235.0</controlfield>
  <datafield tag="010" ind1=" " ind2=" ">
    <subfield code="a">DEC24SC ENG-142967 ENG-1463337</subfield>
  </datafield>
  <datafield tag="020" ind1=" " ind2=" ">
    <subfield code="a">9789355019554</subfield>
    <subfield code="c">549.00</subfield>
  </datafield>
  <datafield tag="035" ind1=" " ind2=" ">
    <subfield code="a">EN-126499</subfield>
  </datafield>
  <datafield tag="035" ind1=" " ind2=" ">
    <subfield code="a">EN-129869</subfield>
  </datafield>
  <datafield tag="037" ind1=" " ind2=" ">
    <subfield code="b">DBAD</subfield>
  </datafield>
  <datafield tag="082" ind1=" " ind2=" ">
    <subfield code="a">510</subfield>
    <subfield code="2">1</subfield>
  </datafield>
  <datafield tag="100" ind1=" " ind2=" ">
    <subfield code="a">Anand Kumar</subfield>
    <subfield code="9">83752</subfield>
  </datafield>
  <datafield tag="245" ind1=" " ind2=" ">
    <subfield code="a"> NTA CSIR - NET/JRF Mathematical Sciences LINEAR ALGEBRA 2024/</subfield>
    <subfield code="c">By Anand Kumar; D.C.Mishra [and] Yogesh Kumar</subfield>
  </datafield>
  <datafield tag="250" ind1=" " ind2=" ">
    <subfield code="a">1</subfield>
  </datafield>
  <datafield tag="260" ind1=" " ind2=" ">
    <subfield code="a">New Delhi</subfield>
    <subfield code="b">S Chand and Company Limited</subfield>
    <subfield code="c">2023</subfield>
  </datafield>
  <datafield tag="270" ind1=" " ind2=" ">
    <subfield code="a"> A-27, 2nd Floor, Mohan Co-operative Industrial Estate</subfield>
    <subfield code="b">New Delhi</subfield>
    <subfield code="e">110044</subfield>
    <subfield code="m">info@schandpublishing.com</subfield>
    <subfield code="k">011-49731800</subfield>
  </datafield>
  <datafield tag="300" ind1=" " ind2=" ">
    <subfield code="a">308p.</subfield>
    <subfield code="c">26cm(pb)</subfield>
  </datafield>
  <datafield tag="500" ind1=" " ind2=" ">
    <subfield code="a">For IIT-JAM, GATE</subfield>
  </datafield>
  <datafield tag="700" ind1=" " ind2=" ">
    <subfield code="a">Yogesh Kumar</subfield>
    <subfield code="e">Author</subfield>
    <subfield code="9">75019</subfield>
  </datafield>
  <datafield tag="700" ind1=" " ind2=" ">
    <subfield code="a">Mishra, D.C.</subfield>
    <subfield code="e">Author</subfield>
    <subfield code="9">75020</subfield>
  </datafield>
  <datafield tag="942" ind1=" " ind2=" ">
    <subfield code="2">ddc</subfield>
    <subfield code="c">EN</subfield>
    <subfield code="h">510</subfield>
    <subfield code="m">ANA</subfield>
    <subfield code="e">1</subfield>
  </datafield>
  <datafield tag="999" ind1=" " ind2=" ">
    <subfield code="c">207614</subfield>
    <subfield code="d">207614</subfield>
  </datafield>
  <datafield tag="952" ind1=" " ind2=" ">
    <subfield code="0">0</subfield>
    <subfield code="1">0</subfield>
    <subfield code="4">0</subfield>
    <subfield code="7">0</subfield>
    <subfield code="8">NFIC</subfield>
    <subfield code="a">L</subfield>
    <subfield code="b">L</subfield>
    <subfield code="d">2024-12-11</subfield>
    <subfield code="e">Delivery of Books Division</subfield>
    <subfield code="g">549.00</subfield>
    <subfield code="l">2</subfield>
    <subfield code="m">1</subfield>
    <subfield code="o">510 ANA</subfield>
    <subfield code="p">EN-126499</subfield>
    <subfield code="r">2026-04-06 10:03:35</subfield>
    <subfield code="s">2026-04-04</subfield>
    <subfield code="t">1</subfield>
    <subfield code="v">549.00</subfield>
    <subfield code="w">2024-12-11</subfield>
    <subfield code="y">EN</subfield>
  </datafield>
  <datafield tag="952" ind1=" " ind2=" ">
    <subfield code="0">0</subfield>
    <subfield code="1">0</subfield>
    <subfield code="4">0</subfield>
    <subfield code="7">0</subfield>
    <subfield code="8">NFIC</subfield>
    <subfield code="a">RC3AN</subfield>
    <subfield code="b">RC3AN</subfield>
    <subfield code="d">2025-08-05</subfield>
    <subfield code="e">DBAD</subfield>
    <subfield code="g">549.00</subfield>
    <subfield code="l">0</subfield>
    <subfield code="o">510 ANA</subfield>
    <subfield code="p">EN-129869</subfield>
    <subfield code="r">2025-08-05 00:00:00</subfield>
    <subfield code="t">1</subfield>
    <subfield code="v">549.00</subfield>
    <subfield code="w">2025-08-05</subfield>
    <subfield code="y">EN</subfield>
  </datafield>
</record>
